La culpa es de la vaca para mujeres / (Registro nro. 6342)

Detalles MARC
000 -LEADER
fixed length control field 01104nam a2200229Ia 4500
003 - CONTROL NUMBER IDENTIFIER
control field OSt
005 - DATE AND TIME OF LATEST TRANSACTION
control field 20200406102754.0
008 - FIXED-LENGTH DATA ELEMENTS--GENERAL INFORMATION
fixed length control field 191128s2009 ck gr 001 0 spa d
020 ## - INTERNATIONAL STANDARD BOOK NUMBER
International Standard Book Number 9789587099386
040 ## - CATALOGING SOURCE
Original cataloging agency CO-JMCR
Transcribing agency CO-JMCR
041 0# - LANGUAGE CODE
Language code of text/sound track or separate title spa
082 04 - DEWEY DECIMAL CLASSIFICATION NUMBER
Classification number 158.4 /
Item number B517l
100 1# - MAIN ENTRY--PERSONAL NAME
Personal name Bernal Trujillo, Marta Inés,
Relator term autora
9 (RLIN) 2511
245 13 - TITLE STATEMENT
Title La culpa es de la vaca para mujeres /
Statement of responsibility, etc. Marta Inés Bernal Trujillo
260 ## - PUBLICATION, DISTRIBUTION, ETC.
Place of publication, distribution, etc. Bogotá :
Name of publisher, distributor, etc. Intermedio Editores,
Date of publication, distribution, etc. 2009
300 ## - PHYSICAL DESCRIPTION
Extent Primera edición
505 ## - FORMATTED CONTENTS NOTE
Formatted contents note La verdad de la parábola -- ella vale nueve canoas -- el hijo más amado -- los narcisos -- la gerencia femenina -- hasta mañana -- el conjuro de los Sioux -- el verdadero amor.
520 ## - SUMMARY, ETC.
Summary, etc. ¿Cómo puede una mujer tener conciencia de su propia valía? ¿ La adquiere por si misma o debe tener a un hombre como punto de referencia para medir su autoestima? En este libro los autores dialogan en torno a parábolas, historias y mensajes buscando trasmi
650 14 - SUBJECT ADDED ENTRY--TOPICAL TERM
Topical term or geographic name entry element Liderazgo Citas
9 (RLIN) 2512
650 24 - SUBJECT ADDED ENTRY--TOPICAL TERM
Topical term or geographic name entry element Máximas Mujeres
General subdivision Cuestiones sociales y morales
9 (RLIN) 2513
942 ## - ADDED ENTRY ELEMENTS (KOHA)
Source of classification or shelving scheme Dewey Decimal Classification
Koha item type Books
Existencias
Withdrawn status Lost status Source of classification or shelving scheme Materials specified (bound volume or other part) Damaged status Not for loan Home library Current library Date acquired Source of acquisition Cost, normal purchase price Total Checkouts Total Renewals Full call number Barcode Date last seen Date last checked out Copy number Price effective from Koha item type
    Dewey Decimal Classification Donación--12/07/2018--     Biblioteca Pública José María del Castillo y Rada Biblioteca Pública José María del Castillo y Rada 11/28/2019 Donación 0.00 10 8 158.4 / B517 430012488 10/21/2024 10/17/2024 Ej.1 11/28/2019 Books